Efectos de la opción del revalúo impositivo contable (Registro nro. 34927)
[ vista simple ]
| 000 -LEADER | |
|---|---|
| fixed length control field | 00321 a2200109 4500 |
| 001 - CONTROL NUMBER | |
| control field | ART_47847 |
| 005 - DATE AND TIME OF LATEST TRANSACTION | |
| control field | 20260410162041.0 |
| 008 - FIXED-LENGTH DATA ELEMENTS--GENERAL INFORMATION | |
| fixed length control field | 260409a |
| 100 1# - MAIN ENTRY--PERSONAL NAME | |
| Personal name | Bello, Alberto M. |
| 245 10 - TITLE STATEMENT | |
| Title | Efectos de la opción del revalúo impositivo contable |
| 773 0# - HOST ITEM ENTRY | |
| Title | Impuestos |
| Related parts | - N°38 (oct. 2018) |
| Record control number | REV45175 |
No hay ítems disponibles.